The effects of economic factors on the performance of real estate developers in Nakuru central business district, Kenya (Record no. 18723)
[ view plain ]
| 000 -LEADER | |
|---|---|
| fixed length control field | 00464nam a22001217a 4500 |
| 008 - FIXED-LENGTH DATA ELEMENTS--GENERAL INFORMATION | |
| fixed length control field | 210121b xxu||||| |||| 00| 0 eng d |
| 050 ## - LIBRARY OF CONGRESS CALL NUMBER | |
| Classification number | GMB0125 |
| Item number | .K64 2018 c.1 |
| 100 ## - MAIN ENTRY--PERSONAL NAME | |
| Personal name | Koech, Shadrack Kiprop |
| 245 ## - TITLE STATEMENT | |
| Title | The effects of economic factors on the performance of real estate developers in Nakuru central business district, Kenya |
| Statement of responsibility, etc. | Shadrack Kiprop Koech |
| 260 ## - PUBLICATION, DISTRIBUTION, ETC. (IMPRINT) | |
| Place of publication, distribution, etc. | Kabarak, Nakuru, Kenya |
| Name of publisher, distributor, etc. | Kabarak University |
| Date of publication, distribution, etc. | 2018 |
| 300 ## - PHYSICAL DESCRIPTION | |
| Extent | 65 leaves |
| 942 ## - ADDED ENTRY ELEMENTS (KOHA) | |
| Source of classification or shelving scheme | Library of Congress Classification |
| Koha item type | Thesis, Dissertation and Projecs |
| Withdrawn status | Lost status | Source of classification or shelving scheme | Not for loan | Home library | Current library | Date acquired | Total Checkouts | Full call number | Barcode | Date last seen | Price effective from | Koha item type |
|---|---|---|---|---|---|---|---|---|---|---|---|---|
| Library of Congress Classification | Kabarak, Main Campus | Kabarak, Main Campus | 21/01/2021 | GMB0125 .K64 2018 c.1 | 029495 | 21/01/2021 | 21/01/2021 | Thesis, Dissertation and Projecs | ||||
| Library of Congress Classification | Kabarak, Main Campus | Kabarak, Main Campus | 21/01/2021 | GMB0125 .K64 2018 c.2 | 029466 | 21/01/2021 | 21/01/2021 | Thesis, Dissertation and Projecs |